| 000 | 00000nam##2200000za#4500 |
| 001 | 9.668333 |
| 003 | CaOODSP |
| 005 | 20210927150405 |
| 007 | ta |
| 008 | 150407|2007||||xxc||||| f|0| 0 eng|d |
| 020 | |a978-0-662-49807-0 |
| 040 | |aCaOODSP|beng |
| 041 | |aeng |
| 041 | |afre |
| 043 | |an-cn--- |
| 086 | 1 |aR2-457/2007 |
| 110 | 1 |aCanada. |bIndian and Northern Affairs Canada. |
| 245 | 10|aRegistered Indian demography : |bpopulation, household and family projections, 2004-2029 |
| 260 | |aOttawa - Ontario : |bIndian and Northern Affairs |c[2007]. |
| 300 | |a1 folded sheet (English text, [4p.]). : |bfigs., graphs, photographs ; |c28 cm. |
| 563 | |aPamphlet |
| 590 | |a08-29|b2008-07-18 |
| 690 | 07|aIndigenous peoples|2gcpds |
| 776 | 0#|tLa démographie des Indiens inscrits : |w(CaOODSP)9.633666 |
| 776 | 0#|tRegistered Indian demography : |w(CaOODSP)9.689248 |
| 792 | |tLa démographie des Indiens inscrits : |efre|w(CaOODSP)9.668334 |
| 986 | |aQS-7086-000-BB-A1 |